Statistics for Largest Cities by Country #3

Click here to take the quiz!

General Stats

  • This quiz has been taken 65 times
    (51 since last reset)
  • The average score is 28 of 41

Answer Stats

Answer% Correct
Brasilia
100%
Brussels
100%
Rio de Janeiro
100%
Sao Paulo
100%
Delhi
96%
Mumbai
96%
Prague
96%
Jerusalem
93%
Rabat
93%
Sofia
93%
Antwerp
89%
Casablanca
89%
Kolkata
89%
Tel Aviv
89%
Fez
86%
Belo Horizonte
82%
Marrakesh
79%
Bangalore
75%
Fortaleza
75%
Ghent
75%
Hyderabad
75%
Chennai
71%
Haifa
71%
Salvador
71%
Brno
68%
Manaus
68%
Ahmedabad
61%
Liege
61%
Tangier
61%
Ostrava
54%
Plovdiv
54%
Varna
54%
Charleroi
50%
Agadir
39%
Burgas
32%
Olomouc
32%
Pilsen
29%
Sale
21%
Ashdod
14%
Rousse
11%
Rishon LeZiyyon
7%

Score Distribution

Percentile by Number Answered

Percent of People with Each Score

Your Score History

You have not taken this quiz since the last reset